| 000 | 00685nam a2200241Ia 4500 | ||
|---|---|---|---|
| 003 | OSt | ||
| 005 | 20221006164203.0 | ||
| 006 | a|||||r|||| 00| 0 | ||
| 007 | ta | ||
| 008 | 221006b |||||||| |||| 00| 0 eng d | ||
| 024 | _a1,011 | ||
| 037 | _cTextual | ||
| 040 |
_aFML _cFML _beng |
||
| 041 |
_2eng _aeng |
||
| 082 | _aO168,1:g, 111N6 | ||
| 100 |
_aInayat Khan Au. _9676795 |
||
| 245 | 0 | _aHindustani Compositions | |
| 260 |
_aDelhi _bMotilal Banarasidas _c1996 |
||
| 300 |
_a65 _ccm. |
||
| 700 |
_a Westbrook Jessie Duncan Au. _9676796 |
||
| 942 |
_hO168,1:g, 111N6 _cTEXL _2CC |
||
| 999 |
_c1116453 _d1116453 |
||